[Event "C.to Europeo U14 femminile"]
[Site "Urgup TUR"]
[Date "2004.08.01"]
[Round "4"]
[White "Vazirova, Karina"]
[Black "Chierici, Marianna"]
[Result "1-0"]
[WhiteElo "2098"]
[BlackElo "1646"]
[PlyCount "95"]
[EventDate "2004.07.29"]

1. d4 d5 2. Nf3 Nf6 3. c4 dxc4 4. e3 e6 5. Bxc4 c5 6. O-O cxd4 7. Nxd4 a6 8.
Nc3 Be7 9. Qe2 O-O 10. Rd1 Qc7 11. Bd2 Bd7 12. e4 Bd6 13. h3 Nc6 14. Nxc6 Bxc6
15. Bg5 Be5 16. Bd3 Rfd8 17. Rac1 Rd7 18. Na4 Rd4 19. Nc5 Rb4 20. b3 Rd4 21.
Qc2 Rc8 22. g3 Rdd8 23. Bf1 h6 24. Bxf6 Bxf6 25. Rxd8+ Qxd8 26. Rd1 Qe8 27. Rc1
Bd4 28. Qd3 e5 29. b4 Qe7 30. Qf3 Be8 31. Qa3 Qf6 32. Rc2 b6 33. Qxa6 Qg6 34.
Qxc8 Qxg3+ 35. Bg2 Kf8 36. Nd7+ Ke7 37. Nxb6 Bxb6 38. Qb7+ Bd7 39. Qxb6 Qd3 40.
Qc5+ Kf6 41. Qc3 Qd1+ 42. Kh2 Qd6 43. Rd2 Qe7 44. Qc7 Qxb4 45. Qxd7 Qa5 46.
Qf5+ Ke7 47. Rd7+ Ke8 48. Qxf7# 1-0

[Event "C.to Europeo U14 femminile"]
[Site "Urgup TUR"]
[Date "2004.08.02"]
[Round "5"]
[White "Chierici, Marianna"]
[Black "Zhorzholiani, Meri"]
[Result "0-1"]
[WhiteElo "1646"]
[BlackElo "2054"]
[PlyCount "92"]
[EventDate "2004.07.29"]

1. e4 d5 2. exd5 Qxd5 3. d4 Nf6 4. c4 Qd8 5. Nf3 c6 6. Nc3 Bg4 7. Be2 e6 8. Be3
Be7 9. Qb3 Qc7 10. Bf4 Qxf4 11. Qxb7 Nfd7 12. Qxa8 Qc7 13. c5 O-O 14. Nb5 cxb5
15. Qe4 Bf5 16. Qe3 Nc6 17. O-O Rb8 18. Rfe1 Nb4 19. Bd1 Bc2 20. Qd2 Bxd1 21.
Rexd1 Nd5 22. b4 Qc6 23. Re1 h6 24. Rab1 Bf6 25. Rb3 Qa6 26. a3 Qc6 27. Rd3 Rd8
28. Rb3 Nf8 29. Ne5 Bxe5 30. Rxe5 Ng6 31. Re1 Ndf4 32. f3 e5 33. g3 Ne6 34. d5
Rxd5 35. Rd3 Rd4 36. Kf2 Kf8 37. f4 Rxd3 38. Qxd3 exf4 39. gxf4 Ngxf4 40. Qg3
Qd5 41. Re3 Qd2+ 42. Kf3 Ng5+ 43. Kg4 Qd1+ 44. Kf5 g6+ 45. Kf6 Qd4+ 46. Re5
Nh5# 0-1

[Event "II Festival Hotel Petra A"]
[Site "Roma ITA"]
[Date "2004.07.28"]
[Round "1"]
[White "Fragni, Enrico"]
[Black "Vocaturo, Daniele"]
[Result "0-1"]
[WhiteElo "1871"]
[BlackElo "2221"]
[PlyCount "114"]
[EventDate "2004.07.28"]

1. d4 Nf6 2. Nf3 g6 3. Bf4 Bg7 4. Nbd2 d6 5. h3 O-O 6. c3 Nbd7 7. Qc2 Re8 8. e3
e5 9. Bh2 b6 10. Bc4 e4 11. Ng1 d5 12. Be2 c5 13. g4 a5 14. Qa4 Ba6 15. Bb5
Bxb5 16. Qxb5 Rc8 17. Ne2 cxd4 18. cxd4 Rc2 19. Kd1 Rc8 20. Rc1 Rxc1+ 21. Kxc1
Nf8 22. Kb1 Ne6 23. Nc3 Bf8 24. Nb3 Bb4 25. Na4 Qd7 26. Qxd7 Nxd7 27. Rc1 b5
28. Nac5 Ndxc5 29. Nxc5 Bxc5 30. dxc5 Rc8 31. c6 Ng5 32. h4 Nf3 33. Bg3 d4 34.
exd4 Nxd4 35. Be5 Nxc6 36. Bd6 f6 37. a3 Kf7 38. b4 Ke6 39. Bf4 axb4 40. axb4
Ne7 41. Rxc8 Nxc8 42. Kc2 Kd5 43. Kc3 Nb6 44. Be3 Nc4 45. Bf4 Ne5 46. g5 f5 47.
Bg3 Nf3 48. Bf4 Nxh4 49. Bg3 Nf3 50. Bf4 Ne5 51. Bg3 Nc6 52. Bf4 Nd4 53. Be3
Ne6 54. Kb3 f4 55. Bd2 Ke5 56. Bc3+ Kf5 57. Bf6 h6 0-1

[Event "II Festival Hotel Petra A"]
[Site "Roma ITA"]
[Date "2004.07.28"]
[Round "1"]
[White "Romagnoli, Moreno"]
[Black "Marzano, Carlo"]
[Result "1/2-1/2"]
[WhiteElo "1891"]
[BlackElo "2244"]
[PlyCount "39"]
[EventDate "2004.07.28"]

1. e4 d6 2. d4 Nf6 3. Nc3 e5 4. Nf3 Nc6 5. Bc4 Bg4 6. Be3 exd4 7. Bxd4 Nxd4 8.
Qxd4 Bxf3 9. gxf3 g6 10. O-O-O Bg7 11. e5 Nd7 12. f4 O-O 13. h4 Nb6 14. Bb3
dxe5 15. Qe4 Qf6 16. fxe5 Qxe5 17. h5 c5 18. hxg6 Qg5+ 19. f4 Qxg6 20. Rdg1
1/2-1/2

[Event "II Festival Hotel Petra A"]
[Site "Roma ITA"]
[Date "2004.07.29"]
[Round "2"]
[White "Ristic, Nenad"]
[Black "Vigile, Matteo"]
[Result "1-0"]
[WhiteElo "2433"]
[BlackElo "2109"]
[PlyCount "59"]
[EventDate "2004.07.28"]

1. e4 e5 2. Nf3 Nc6 3. Bb5 a6 4. Bxc6 dxc6 5. O-O Qd6 6. Na3 f6 7. Nc4 Qe6 8.
b3 Bd7 9. d4 O-O-O 10. dxe5 c5 11. Bb2 Be7 12. Qe2 Nh6 13. Rad1 Ng4 14. h3 h5
15. a4 g5 16. exf6 Bxf6 17. Bxf6 Qxf6 18. Rd5 Rdg8 19. Rxd7 Kxd7 20. hxg4 hxg4
21. Nfe5+ Ke7 22. Nxg4 Qf7 23. Nce3 Rh7 24. Nf5+ Kd8 25. Ngh6 Qg6 26. Nxg8 Qxg8
27. Qg4 c6 28. a5 Qh8 29. Rd1+ Kc7 30. Qg3+ 1-0

[Event "II Festival Hotel Petra A"]
[Site "Roma ITA"]
[Date "2004.07.29"]
[Round "2"]
[White "Vocaturo, Daniele"]
[Black "Bellincampi, Stefano"]
[Result "1-0"]
[WhiteElo "2221"]
[BlackElo "2064"]
[PlyCount "73"]
[EventDate "2004.07.28"]

1. e4 e5 2. Nf3 Nc6 3. d4 exd4 4. Bc4 Nf6 5. e5 d5 6. Bb5 Ne4 7. Nxd4 Bd7 8.
Bxc6 bxc6 9. O-O Bc5 10. f3 Ng5 11. f4 Ne4 12. Be3 Bb6 13. Nd2 Nxd2 14. Qxd2 c5
15. Nf3 d4 16. Bf2 Bc6 17. Qd3 Qd7 18. f5 O-O-O 19. a4 a5 20. Rfe1 Rde8 21. b3
g6 22. f6 Qg4 23. Kh1 Qf5 24. Qe2 Qg4 25. Rad1 h5 26. b4 axb4 27. a5 Bxa5 28.
Qa6+ Bb7 29. Qxa5 Bxf3 30. gxf3 Qxf3+ 31. Kg1 Qg4+ 32. Kf1 Qh3+ 33. Kg1 Qg4+
34. Bg3 h4 35. Qa8+ Kd7 36. Qd5+ Kc8 37. Ra1 1-0

[Event "II Festival Hotel Petra A"]
[Site "Roma ITA"]
[Date "2004.07.29"]
[Round "3"]
[White "Harakis, Alexis M."]
[Black "Ferretti, Folco"]
[Result "1-0"]
[WhiteElo "2159"]
[BlackElo "2287"]
[PlyCount "69"]
[EventDate "2004.07.28"]

1. d4 Nf6 2. c4 e6 3. Nc3 Bb4 4. e3 b6 5. Bd3 Bb7 6. Nge2 Bxg2 7. Rg1 Be4 8. a3
Bxd3 9. Qxd3 Bf8 10. e4 d6 11. f4 e5 12. Be3 Nbd7 13. O-O-O exd4 14. Bxd4 Nc5
15. Bxc5 bxc5 16. e5 Nd7 17. Qe4 dxe5 18. Rxd7 Kxd7 19. Rd1+ Bd6 20. Qf5+ Kc6
21. fxe5 Qd7 22. Qf3+ Kb6 23. Nd5+ Kb7 24. Ne7+ Ka6 25. exd6 Rhd8 26. Nc3 cxd6
27. b4 Rac8 28. b5+ Ka5 29. Nxc8 Rxc8 30. Nd5 Qe6 31. Qc3+ Ka4 32. Qc2+ Ka5 33.
Qd2+ Ka4 34. Nc3+ Ka5 35. Qxd6 1-0

[Event "II Festival Hotel Petra A"]
[Site "Roma ITA"]
[Date "2004.07.29"]
[Round "3"]
[White "Quimi, Marco"]
[Black "Vocaturo, Daniele"]
[Result "0-1"]
[WhiteElo "2268"]
[BlackElo "2221"]
[PlyCount "69"]
[EventDate "2004.07.28"]

1. d4 Nf6 2. Nf3 g6 3. Bf4 Bg7 4. e3 d6 5. Bc4 Nh5 6. c3 Nxf4 7. exf4 O-O 8.
O-O c5 9. dxc5 dxc5 10. Qxd8 Rxd8 11. Ng5 e6 12. Na3 a6 13. Rad1 Rxd1 14. Rxd1
Bf6 15. Be2 Bd7 16. Nc4 Bb5 17. Kf1 Bxc4 18. Bxc4 Bxg5 19. fxg5 Nc6 20. f4 Rd8
21. Rxd8+ Nxd8 22. Ke2 Kf8 23. Ke3 Ke7 24. Bd3 Kd6 25. Be4 Nc6 26. h4 b5 27. g4
Ne7 28. h5 a5 29. h6 a4 30. Kd3 c4+ 31. Kd4 Nd5 32. Bxd5 exd5 33. f5 Kc6 34.
Ke5 b4 35. Kd4 0-1

[Event "II Festival Hotel Petra A"]
[Site "Roma ITA"]
[Date "2004.07.29"]
[Round "3"]
[White "Ramondino, Renzo"]
[Black "Ristic, Nenad"]
[Result "1-0"]
[WhiteElo "2221"]
[BlackElo "2433"]
[PlyCount "61"]
[EventDate "2004.07.28"]

1. e4 e5 2. Nf3 d6 3. d4 exd4 4. Nxd4 Nf6 5. Nc3 Be7 6. Bc4 O-O 7. O-O c6 8. a4
Nbd7 9. Re1 Re8 10. Nf5 Ne5 11. Nxe7+ Qxe7 12. Bf1 h6 13. b3 Bg4 14. f3 Bh5 15.
Ba3 Rad8 16. h3 Nxf3+ 17. gxf3 Qe5 18. Bb2 d5 19. exd5 Qg5+ 20. Bg2 Rxe1+ 21.
Qxe1 Bxf3 22. Qf2 Bxd5 23. Rd1 Re8 24. Nxd5 Nxd5 25. Rf1 Qg6 26. Kh1 Re3 27. c4
Nf4 28. Qxf4 Re2 29. Rg1 Rxb2 30. Be4 Qe6 31. Qb8+ 1-0

[Event "II Festival Hotel Petra A"]
[Site "Roma ITA"]
[Date "2004.07.30"]
[Round "4"]
[White "Aleksic, Nenad"]
[Black "Tribuiani, Renato"]
[Result "1-0"]
[WhiteElo "2395"]
[BlackElo "2119"]
[PlyCount "57"]
[EventDate "2004.07.28"]

1. e4 Nc6 2. Nf3 d6 3. d4 g6 4. Nc3 Bg7 5. Be3 a6 6. h3 b5 7. Qd2 e6 8. O-O-O
Nge7 9. Bh6 O-O 10. h4 f6 11. Bxg7 Kxg7 12. h5 Rh8 13. d5 Ne5 14. Nd4 b4 15.
Nce2 exd5 16. Nf4 Qg8 17. exd5 c5 18. Nde6+ Kf7 19. Nd3 Nxd3+ 20. Bxd3 g5 21.
Rhe1 Ra7 22. Kb1 Bd7 23. Nxc5 dxc5 24. d6 Bb5 25. dxe7 Qe8 26. Bxb5 Qxb5 27.
Qd5+ Kg7 28. h6+ Kg6 29. Qe4+ 1-0

[Event "II Festival Hotel Petra A"]
[Site "Roma ITA"]
[Date "2004.07.30"]
[Round "4"]
[White "Harakis, Alexis M."]
[Black "Ramondino, Renzo"]
[Result "0-1"]
[WhiteElo "2159"]
[BlackElo "2221"]
[PlyCount "108"]
[EventDate "2004.07.28"]

1. d4 Nf6 2. c4 g6 3. Nc3 Bg7 4. e4 d6 5. f3 O-O 6. Nge2 c5 7. d5 e6 8. Ng3
exd5 9. cxd5 a6 10. a4 Nbd7 11. Be2 Re8 12. O-O Rb8 13. Bf4 Ne5 14. Qd2 h5 15.
Bh6 Bh8 16. h3 Nh7 17. f4 Ng4 18. Bxg4 Bd4+ 19. Kh2 hxg4 20. f5 Qh4 21. Bf4
gxf5 22. Bxd6 Ng5 23. Rxf5 Bxf5 24. Nxf5 Nf3+ 25. Kh1 Nxd2 26. Nxh4 Rbd8 27.
Bc7 Rd7 28. d6 Bxc3 29. bxc3 Nxe4 30. Nf5 gxh3 31. g4 Re5 32. Kh2 Nxc3 33. Kxh3
Nd5 34. Rb1 Nb4 35. Kh4 f6 36. Kh5 Kf7 37. Kh6 Re2 38. Rh1 Nd5 39. g5 fxg5 40.
Ng3 Re6+ 41. Kxg5 Rg6+ 42. Kf5 Rxg3 43. Rh7+ Rg7 44. Rxg7+ Kxg7 45. Ke6 Rxc7
46. Kxd5 Rd7 47. Ke6 Rxd6+ 48. Kxd6 c4 49. Kc7 c3 50. Kxb7 c2 51. Kxa6 c1=Q 52.
a5 Qc6+ 53. Ka7 Qb5 54. a6 Kh8 0-1

[Event "II Festival Hotel Petra A"]
[Site "Roma ITA"]
[Date "2004.07.30"]
[Round "4"]
[White "Ristic, Nenad"]
[Black "Crickmore, Neil E.G."]
[Result "1-0"]
[WhiteElo "2433"]
[BlackElo "2123"]
[PlyCount "51"]
[EventDate "2004.07.28"]

1. e4 e6 2. d4 d5 3. Nd2 Nf6 4. e5 Nfd7 5. Bd3 c5 6. c3 Nc6 7. Ngf3 Be7 8. O-O
O-O 9. Re1 cxd4 10. cxd4 f5 11. exf6 Bxf6 12. Nb3 e5 13. dxe5 Ndxe5 14. Nxe5
Bxe5 15. f4 Bf6 16. Be3 d4 17. Bd2 Bd7 18. Nc5 b6 19. Qh5 g6 20. Qd5+ Rf7 21.
Nxd7 Qxd7 22. Bc4 Rd8 23. Qxd7 Rdxd7 24. Re6 Kg7 25. Rxc6 Rfe7 26. Bd3 1-0

[Event "II Festival Hotel Petra A"]
[Site "Roma ITA"]
[Date "2004.07.30"]
[Round "4"]
[White "Vocaturo, Daniele"]
[Black "Lantini, Marco"]
[Result "1-0"]
[WhiteElo "2221"]
[BlackElo "2246"]
[PlyCount "55"]
[EventDate "2004.07.28"]

1. e4 c5 2. Nf3 e6 3. d4 cxd4 4. Nxd4 a6 5. Bd3 Bc5 6. Nb3 Be7 7. O-O d6 8. c4
Nf6 9. Nc3 O-O 10. Be3 Nc6 11. f4 b6 12. Qe2 g6 13. Rae1 Re8 14. Bf2 Nh5 15.
Qf3 Rb8 16. g4 Ng7 17. Bg3 Nb4 18. Bb1 b5 19. cxb5 axb5 20. a3 Nc6 21. f5 b4
22. axb4 Rxb4 23. Bc2 Rxb3 24. Bxb3 Nd4 25. Qd1 Bf6 26. fxg6 hxg6 27. Rxf6 Nxb3
28. Rf2 1-0

[Event "II Festival Hotel Petra A"]
[Site "Roma ITA"]
[Date "2004.07.31"]
[Round "5"]
[White "Lantini, Marco"]
[Black "Aleksic, Nenad"]
[Result "0-1"]
[WhiteElo "2246"]
[BlackElo "2395"]
[PlyCount "74"]
[EventDate "2004.07.28"]

1. d4 Nf6 2. c4 e6 3. Nf3 b6 4. Nc3 Bb4 5. Qb3 a5 6. Bg5 Bb7 7. e3 d6 8. Bd3
Nbd7 9. O-O-O Bxc3 10. Qxc3 Ra7 11. Qc2 Qa8 12. Nd2 c5 13. f4 cxd4 14. exd4 O-O
15. f5 e5 16. Bxf6 Nxf6 17. Rhg1 Rc8 18. dxe5 dxe5 19. Qc3 e4 20. Be2 b5 21.
Qd4 bxc4 22. Nxc4 Bd5 23. Kb1 Bxc4 24. Bxc4 Rd7 25. Qc3 Rdc7 26. Rd4 h5 27. Rc1
Qa7 28. b3 Qc5 29. Re1 a4 30. Qd2 axb3 31. Bxb3 Kh7 32. Rc4 Qb5 33. Qb4 Qd7 34.
Rd4 Qe8 35. h3 Rb8 36. Qd2 Qe5 37. Ra4 Qb5 0-1

[Event "II Festival Hotel Petra A"]
[Site "Roma ITA"]
[Date "2004.07.31"]
[Round "5"]
[White "Marzano, Carlo"]
[Black "Harakis, Alexis M."]
[Result "1-0"]
[WhiteElo "2244"]
[BlackElo "2159"]
[PlyCount "33"]
[EventDate "2004.07.28"]

1. d4 e6 2. Nf3 d5 3. c4 c6 4. e3 a6 5. Nbd2 Nf6 6. Bd3 c5 7. dxc5 Bxc5 8. O-O
Nc6 9. a3 Ba7 10. b4 O-O 11. Bb2 Qe7 12. Qe2 e5 13. cxd5 Nxd5 14. Bxh7+ Kxh7
15. Qd3+ f5 16. Qxd5 Be6 17. Qxe6 1-0

[Event "II Festival Hotel Petra A"]
[Site "Roma ITA"]
[Date "2004.07.31"]
[Round "5"]
[White "Ramondino, Renzo"]
[Black "Vocaturo, Daniele"]
[Result "0-1"]
[WhiteElo "2221"]
[BlackElo "2221"]
[PlyCount "76"]
[EventDate "2004.07.28"]

1. e4 c5 2. Nf3 Nc6 3. d4 cxd4 4. Nxd4 g6 5. Nc3 Bg7 6. Be3 Nf6 7. Bc4 O-O 8.
Bb3 d6 9. f3 Bd7 10. Qd2 Nxd4 11. Bxd4 b5 12. a4 bxa4 13. Bxa4 Rb8 14. Bb3 a5
15. O-O e5 16. Be3 Be6 17. Nd5 Bxd5 18. exd5 Rb4 19. Ra3 e4 20. c3 Rb7 21. Ba4
Qb8 22. Rb1 exf3 23. gxf3 Nh5 24. b3 Re7 25. Bc6 Qc8 26. Rxa5 Qh3 27. Rf1 f5
28. Ra7 Rxa7 29. Bxa7 f4 30. Rf2 Rf5 31. c4 Bc3 32. Qa2 Re5 33. Re2 Ng3 34.
hxg3 Qxg3+ 35. Kf1 Qxf3+ 36. Bf2 Qh3+ 37. Kg1 Rg5+ 38. Bg3 Bd4+ 0-1

[Event "II Festival Hotel Petra A"]
[Site "Roma ITA"]
[Date "2004.07.31"]
[Round "6"]
[White "Ferretti, Folco"]
[Black "Ramondino, Renzo"]
[Result "1/2-1/2"]
[WhiteElo "2287"]
[BlackElo "2221"]
[PlyCount "59"]
[EventDate "2004.07.28"]

1. c4 Nf6 2. Nc3 c5 3. Nf3 e6 4. g3 b6 5. Bg2 Bb7 6. O-O a6 7. Re1 d6 8. e4 Be7
9. d4 cxd4 10. Nxd4 Qc7 11. Be3 O-O 12. Rc1 Nbd7 13. f4 Rfe8 14. Bf2 Bf8 15. b3
Rad8 16. g4 g6 17. Bg3 e5 18. Nd5 Qc8 19. Nc2 Bxd5 20. cxd5 exf4 21. Bxf4 Nc5
22. Bg5 Be7 23. Ne3 Qd7 24. Nc4 Qxg4 25. Bxf6 Qxd1 26. Rcxd1 Bxf6 27. Nxb6 Bh4
28. Re3 Bg5 29. Ree1 Bh4 30. Re3 1/2-1/2

[Event "II Festival Hotel Petra A"]
[Site "Roma ITA"]
[Date "2004.07.31"]
[Round "6"]
[White "Ristic, Nenad"]
[Black "Marzano, Carlo"]
[Result "1-0"]
[WhiteElo "2433"]
[BlackElo "2244"]
[PlyCount "122"]
[EventDate "2004.07.28"]

1. e4 d6 2. d4 Nf6 3. Nc3 e5 4. Nf3 Nc6 5. Bb5 Bd7 6. O-O exd4 7. Nxd4 Be7 8.
Re1 O-O 9. Bxc6 bxc6 10. Qf3 Re8 11. Bg5 Qb8 12. b3 Qb4 13. Qd3 Ng4 14. Bxe7
Rxe7 15. Re2 Rae8 16. Nf3 Qa5 17. Qd4 Ne5 18. Nxe5 Qxe5 19. Qxe5 Rxe5 20. Rae1
f6 21. f4 R5e7 22. Kf2 Bc8 23. Na4 Bb7 24. c4 c5 25. e5 fxe5 26. fxe5 Bc6 27.
Nb2 dxe5 28. Nd3 e4 29. Nxc5 Re5 30. Na6 R8e7 31. Ke3 Bb7 32. Nb4 a5 33. Nc2 c5
34. Rd1 g6 35. Rf2 Kg7 36. Na3 Bc6 37. Rd6 Be8 38. Nb1 a4 39. bxa4 Bxa4 40. Nc3
Rd7 41. Rff6 Rxd6 42. Rxd6 Bc2 43. Rd5 Kf6 44. Rd7 Bd3 45. Nd5+ Ke6 46. Re7+
Kd6 47. Rxe5 Kxe5 48. Nb6 Kd6 49. a4 Kc6 50. a5 g5 51. g3 h6 52. Kd2 Kb7 53.
Nd7 Bxc4 54. Nxc5+ Kc6 55. Nxe4 Bf1 56. Kc3 Kb5 57. Nd6+ Kxa5 58. Nf7 h5 59.
Nxg5 Kb5 60. Kd4 Kc6 61. Ke5 61... Kd7 {...} 1-0

[Event "II Festival Hotel Petra A"]
[Site "Roma ITA"]
[Date "2004.07.31"]
[Round "6"]
[White "Vocaturo, Daniele"]
[Black "Aleksic, Nenad"]
[Result "1/2-1/2"]
[WhiteElo "2221"]
[BlackElo "2395"]
[PlyCount "65"]
[EventDate "2004.07.28"]

1. e4 c5 2. Nf3 d6 3. d4 cxd4 4. Nxd4 Nf6 5. Nc3 a6 6. a4 e6 7. Be2 Nbd7 8. Nb3
b6 9. f4 Bb7 10. Bf3 Qc7 11. O-O Be7 12. Be3 O-O 13. Bf2 Rfe8 14. Re1 Rad8 15.
Qe2 e5 16. f5 d5 17. exd5 e4 18. Nxe4 Bb4 19. c3 Nxe4 20. Bxe4 Bxd5 21. Qc2
Bxb3 22. Qxb3 Bc5 23. Qc2 Qf4 24. Bc6 Rxe1+ 25. Rxe1 Nf6 26. Bxc5 bxc5 27. Bf3
h6 28. Re2 a5 29. c4 Qd4+ 30. Kf1 Qf4 31. Kg1 Qd4+ 32. Kf1 Qf4 33. Kg1 1/2-1/2

[Event "II Festival Hotel Petra A"]
[Site "Roma ITA"]
[Date "2004.08.01"]
[Round "7"]
[White "Aleksic, Nenad"]
[Black "Ferretti, Folco"]
[Result "1/2-1/2"]
[WhiteElo "2395"]
[BlackElo "2287"]
[PlyCount "55"]
[EventDate "2004.07.28"]

1. e4 e5 2. Nf3 Nc6 3. c3 Nf6 4. d3 d5 5. Qc2 a5 6. Be2 Bc5 7. O-O h6 8. Nbd2
O-O 9. b3 Be6 10. Bb2 Qe7 11. a3 Ba7 12. b4 axb4 13. cxb4 dxe4 14. dxe4 Bg4 15.
Nb3 Bxf3 16. Bxf3 Nd4 17. Nxd4 Bxd4 18. Bxd4 exd4 19. e5 Qxe5 20. Bxb7 Rab8 21.
Bf3 Rfd8 22. Rac1 Rd7 23. Qd3 Nd5 24. Rc5 Nf4 25. Qd2 Qf6 26. Bg4 Rd5 27. Rxd5
Nxd5 28. Re1 1/2-1/2

[Event "II Festival Hotel Petra A"]
[Site "Roma ITA"]
[Date "2004.08.01"]
[Round "7"]
[White "Ramondino, Renzo"]
[Black "Mack, Andrew L."]
[Result "1/2-1/2"]
[WhiteElo "2221"]
[BlackElo "2251"]
[PlyCount "42"]
[EventDate "2004.07.28"]

1. e4 e6 2. d4 d5 3. e5 c5 4. c3 Qb6 5. Nf3 Nc6 6. a3 Nh6 7. b4 cxd4 8. cxd4
Nf5 9. Bb2 Bd7 10. Be2 Be7 11. O-O O-O 12. Bd3 Rac8 13. b5 Na5 14. Nc3 Nc4 15.
Bxf5 Nxb2 16. Qb3 Rxc3 17. Qxc3 Na4 18. Qb3 exf5 19. Rfb1 Qa5 20. Qxd5 Bc6 21.
Qb3 Be4 1/2-1/2

[Event "II Festival Hotel Petra A"]
[Site "Roma ITA"]
[Date "2004.08.01"]
[Round "7"]
[White "Vocaturo, Daniele"]
[Black "Ristic, Nenad"]
[Result "0-1"]
[WhiteElo "2221"]
[BlackElo "2433"]
[PlyCount "90"]
[EventDate "2004.07.28"]

1. e4 c5 2. Nf3 d6 3. d4 cxd4 4. Nxd4 Nf6 5. Nc3 g6 6. Be3 Bg7 7. f3 Nc6 8. Qd2
O-O 9. g4 Be6 10. O-O-O Nxd4 11. Bxd4 Qa5 12. Kb1 Rfc8 13. a3 Rab8 14. g5 Nh5
15. Nd5 Qxd2 16. Rxd2 Bxd5 17. exd5 Bxd4 18. Rxd4 Rc7 19. Bh3 Rd8 20. Re1 Kf8
21. c3 f5 22. gxf6 exf6 23. Rh4 Re8 24. Be6 f5 25. Rg1 Nf6 26. c4 Ree7 27. b4
b6 28. Kb2 Nd7 29. Re1 Kg7 30. Kc3 Nf8 31. Kd4 Kf6 32. f4 Nxe6+ 33. Rxe6+ Rxe6
34. dxe6 Kxe6 35. Rh3 Re7 36. Rh6 a6 37. Rh3 b5 38. c5 dxc5+ 39. Kxc5 Kf6 40.
Kb6 Re6+ 41. Kc5 h5 42. Rg3 h4 43. Rg2 Re3 44. a4 bxa4 45. Kb6 Re4 0-1

[Event "III C.to Mondiale ICSC femminile"]
[Site "Malente GER"]
[Date "2004.07.29"]
[Round "6"]
[White "Ryvova, Anna"]
[Black "Nazarova, Olga"]
[Result "1-0"]
[WhiteElo "2046"]
[BlackElo "2049"]
[PlyCount "46"]
[EventDate "2004.07.25"]

1. e4 d5 2. exd5 Qxd5 3. d4 Nf6 4. Nc3 Qa5 5. Nf3 c6 6. Bc4 Bg4 7. Bxf7+ Kxf7
8. Ne5+ Ke8 9. Nxg4 Nbd7 10. O-O Nxg4 11. Qxg4 Nf6 12. Qe2 Kd7 13. Re1 Re8 14.
Qe6+ Kd8 15. Bf4 g5 16. Be5 Bg7 17. Rad1 h5 18. d5 c5 19. d6 Nd7 20. Bxg7 exd6
21. Qxd6 Rxe1+ 22. Rxe1 Re8 23. Bf6+ Kc8 1-0

[Event "XIII C.to Mondiale ICSC"]
[Site "Malente GER"]
[Date "2004.07.25"]
[Round "1"]
[White "Collutiis, Duilio"]
[Black "Smatoc, Marian"]
[Result "1-0"]
[WhiteElo "2387"]
[BlackElo "2091"]
[PlyCount "63"]
[EventDate "2004.07.25"]

1. e4 c5 2. Nc3 a6 3. g3 Nc6 4. Bg2 g6 5. f4 Bg7 6. Nf3 e6 7. O-O d6 8. Ne2
Nge7 9. c3 O-O 10. d4 cxd4 11. Nfxd4 e5 12. Nxc6 bxc6 13. Be3 Qc7 14. Qd2 Rd8
15. c4 Be6 16. Rac1 Qb7 17. b3 f5 18. Nc3 Rab8 19. Rfd1 Rd7 20. Qe1 Qb4 21.
fxe5 Bxe5 22. exf5 Bxf5 23. Ne4 Qxe1+ 24. Rxe1 c5 25. Bf2 Kg7 26. Nxc5 Bf6 27.
Nxd7 Bxd7 28. Rcd1 Nc8 29. Bd4 a5 30. c5 Bg4 31. Bxf6+ Kxf6 32. Rd4 1-0

[Event "XIII C.to Mondiale ICSC"]
[Site "Malente GER"]
[Date "2004.07.25"]
[Round "2"]
[White "Anarkulov, Alisher"]
[Black "Collutiis, Duilio"]
[Result "1/2-1/2"]
[WhiteElo "2166"]
[BlackElo "2387"]
[PlyCount "94"]
[EventDate "2004.07.25"]

1. e4 c5 2. Nf3 Nc6 3. d4 cxd4 4. Nxd4 Qc7 5. Nc3 e6 6. Be2 a6 7. O-O Nf6 8.
Kh1 Nxd4 9. Qxd4 Bc5 10. Qd3 b5 11. f4 Bb7 12. e5 Nd5 13. a3 O-O 14. Ne4 Be7
15. Qh3 f5 16. exf6 Nxf6 17. Nxf6+ Rxf6 18. Bd3 Rh6 19. Qg3 Rf8 20. Bd2 Rff6
21. Rf2 Rf7 22. Re2 Bd6 23. Rf1 Rhf6 24. Ref2 h6 25. Bg6 Re7 26. Bc3 e5 27.
fxe5 Bxe5 28. Bxe5 Qxe5 29. Qxe5 Rxe5 30. Rxf6 gxf6 31. Bd3 Kg7 32. Kg1 Bc6 33.
Kf2 Rh5 34. h3 Re5 35. Rd1 Kf8 36. g3 d6 37. g4 Ke7 38. Bf5 a5 39. Rd4 Be8 40.
Re4 Rxe4 41. Bxe4 Ke6 42. Ke3 Ke5 43. c3 Bd7 44. Bd3 Bc6 45. b4 axb4 46. axb4
Bd7 47. Be4 Be8 1/2-1/2

[Event "XIII C.to Mondiale ICSC"]
[Site "Malente GER"]
[Date "2004.07.26"]
[Round "3"]
[White "Collutiis, Duilio"]
[Black "Simoes, John William"]
[Result "1-0"]
[WhiteElo "2387"]
[BlackElo "2048"]
[PlyCount "97"]
[EventDate "2004.07.25"]

1. e4 c5 2. Nf3 d6 3. d4 cxd4 4. Qxd4 Nc6 5. Bb5 Bd7 6. Bxc6 Bxc6 7. Nc3 Nf6 8.
Bg5 e6 9. O-O-O Be7 10. Qd3 Qc7 11. Kb1 Rd8 12. Rhe1 O-O 13. h4 d5 14. e5 Ne4
15. Qe3 Nxc3+ 16. Qxc3 h6 17. Bxe7 Qxe7 18. Rd4 Rc8 19. Qd2 f5 20. g3 a6 21.
Ng1 Bb5 22. Nh3 Rc4 23. Rxc4 Bxc4 24. Nf4 Re8 25. a4 a5 26. Qxa5 Kf7 27. h5 Qd7
28. Qb4 Ra8 29. b3 Ba6 30. g4 fxg4 31. Ng6 Kg8 32. Qxg4 d4 33. Nf4 Re8 34. Rd1
b6 35. Qg6 Kf8 36. c3 d3 37. c4 d2 38. Qd3 Qxd3+ 39. Nxd3 Rd8 40. Rxd2 Bb7 41.
Kc1 Be4 42. Nf4 Rxd2 43. Kxd2 Bf5 44. f3 Ke7 45. b4 Kd7 46. Kc3 Kc6 47. b5+ Kc5
48. Ne2 g6 49. Nd4 1-0

[Event "XIII C.to Mondiale ICSC"]
[Site "Malente GER"]
[Date "2004.07.27"]
[Round "4"]
[White "Nauryzgaliyev, Kaiyrzhan"]
[Black "Collutiis, Duilio"]
[Result "0-1"]
[WhiteElo "2229"]
[BlackElo "2387"]
[PlyCount "48"]
[EventDate "2004.07.25"]

1. b3 d5 2. Bb2 Bg4 3. h3 Bh5 4. g3 e6 5. Bg2 c6 6. Nf3 Nd7 7. O-O Ngf6 8. d3
Be7 9. Nbd2 O-O 10. e4 h6 11. Qe1 Ne8 12. Nh2 Nc7 13. f4 f5 14. exf5 exf5 15.
Nhf3 Bxf3 16. Nxf3 Re8 17. Ne5 Nxe5 18. fxe5 Rf8 19. d4 Ne6 20. h4 g5 21. Qd2
Qe8 22. c4 dxc4 23. bxc4 gxh4 24. Qxh6 Bg5 0-1

[Event "XIII C.to Mondiale ICSC"]
[Site "Malente GER"]
[Date "2004.07.28"]
[Round "5"]
[White "Collutiis, Duilio"]
[Black "Salov, Sergei"]
[Result "1/2-1/2"]
[WhiteElo "2387"]
[BlackElo "2291"]
[PlyCount "36"]
[EventDate "2004.07.25"]

1. e4 c5 2. Nf3 e6 3. d4 cxd4 4. Nxd4 a6 5. Nc3 b5 6. Bd3 Qb6 7. Nf3 Qc7 8. O-O
Bb7 9. Re1 Be7 10. a3 Nc6 11. Qe2 d6 12. Bd2 Nf6 13. a4 b4 14. Na2 d5 15. exd5
Nxd5 16. Be4 O-O 17. c3 bxc3 18. Nxc3 Nf6 1/2-1/2

[Event "XIII C.to Mondiale ICSC"]
[Site "Malente GER"]
[Date "2004.07.29"]
[Round "6"]
[White "Vujcic, Toni"]
[Black "Collutiis, Duilio"]
[Result "0-1"]
[WhiteElo "2128"]
[BlackElo "2387"]
[PlyCount "42"]
[EventDate "2004.07.25"]

1. e4 c5 2. Nf3 Nc6 3. d4 cxd4 4. Nxd4 Qc7 5. Nc3 e6 6. Be3 a6 7. a4 Nf6 8. f3
Bb4 9. Bd3 d5 10. O-O Bc5 11. Nce2 Qb6 12. Kh1 e5 13. Nxc6 Bxe3 14. Nxe5 Qc7
15. f4 dxe4 16. Bc4 O-O 17. Nc3 Bxf4 18. Rxf4 Qxe5 19. Qf1 Be6 20. Bxe6 fxe6
21. Re1 g5 0-1

[Event "XIII C.to Mondiale ICSC"]
[Site "Malente GER"]
[Date "2004.07.30"]
[Round "7"]
[White "Collutiis, Duilio"]
[Black "Kovalenko, Vladimir N."]
[Result "1-0"]
[WhiteElo "2387"]
[BlackElo "2263"]
[PlyCount "73"]
[EventDate "2004.07.25"]

1. e4 c5 2. Nf3 Nc6 3. d4 cxd4 4. Nxd4 g6 5. c4 Nf6 6. Nc3 d6 7. Nc2 Bg7 8. Be2
O-O 9. O-O Be6 10. Bd2 Nd7 11. Rc1 a5 12. b3 Nc5 13. f3 f5 14. exf5 Bxf5 15.
Be1 Bxc2 16. Qxc2 Nd4 17. Qd1 e5 18. Bf2 Nce6 19. Nd5 Bh6 20. Rb1 Rf7 21. Bd3
Kh8 22. Be4 Qg5 23. Kh1 Qd8 24. Nc3 Qd7 25. Bd5 Re7 26. Bxe6 Nxe6 27. Nd5 Rf8
28. Nxe7 Qxe7 29. Re1 Nf4 30. Be3 Qf6 31. Qd2 g5 32. Rbd1 Rd8 33. Qxa5 g4 34.
fxg4 Rg8 35. Qd2 Rxg4 36. Qxd6 Qf5 37. Qxh6 1-0